Білінгвізм: розвиток дитячої двомовності у ранньому віці як вимога сучасного суспільства (Запис № 285994)
[ простий вигляд ]
| 000 -Лідер | |
|---|---|
| fixed length control field | 02508nam a22002297a 4500 |
| 001 - Контрольний номер | |
| control field | 216222711 |
| 003 - Ідентифікатор контрольного номера | |
| control field | UA-OsUOA |
| 005 - Дата та час останнього входження (трансакції) | |
| control field | 20220816123347.0 |
| 008 - Елементи даних фіксованої довжини – загальна інформація | |
| fixed length control field | 220816b un ||||f |||| 00| 0 ukr d |
| 040 ## - Джерело каталогізації | |
| Агенція оригінальної каталогізації | UA-OsUOA |
| Мова каталогізації | ukr |
| Агенція, яка здійснювала перезапис | UA-OsUOA |
| Агенція, яка здійснювала модифікацію | UA-OsUOA |
| 041 ## - Код мови | |
| Код мови тексту/ звукової доріжки чи окремого заголовка (П) | ukr |
| 080 ## - Індекс Універсальної десяткової класифікації | |
| Індекс Універсальної десяткової класифікації (УДК) (НП) | 81 |
| 090 ## - Локальний шифр розміщення | |
| Класифікаційний індекс УДК | 81 |
| Авторський знак (НП) | Т41 |
| 100 ## - Основне введення – ім’я особи | |
| Ім’я особи (НП) | Тимошенко А. В. |
| 245 ## - Відомості про назву | |
| Назва (НП) | Білінгвізм: розвиток дитячої двомовності у ранньому віці як вимога сучасного суспільства |
| Дані про відповідальність (НП) | Тимошенко А. В. |
| 260 ## - Публікація, розповсюдження і т.п. (Вихідні дані) | |
| Місце публікації, розповсюдження і т.п. (П) | Острог |
| Ім’я/ наймення видавництва, розповсюджувача і т.п. (П) | КАФ |
| Дата публікації, розповсюдження і т.п. (П) | 2018 |
| 300 ## - Фізичний опис | |
| Обсяг | 87 с. |
| 520 ## - Резюме і т.п. | |
| Резюме, реферат, анотація, тощо (НП) | Вступ.<br/>Розділ 1. Білінгвізм як мовне та соціальне явище.<br/>1.1. Історія дослідження дитячого білінгвізму.<br/>1.2. Білінгвізм як тенденція мовного розвитку сучасного суспільства.<br/>1.3. Дитяча двомовність з раннього віку як природний освітній та науковий потенціал.<br/>Розділ 2. Особливості виховання та навчання дітей-білінгвів.<br/>2.1. Діти і мова: розвиток дитячого мовлення.<br/>2.2. Психолого-фізіологічні особливості розвитку дітей-білінгів.<br/>2.3. Особливості двомовного виховання та навчання дітей-білінгвів у глобалізаційному світі.<br/>2.4. Вплив білінгвізму на розвиток мовної особистості дитини.<br/>Розділ 3. Необхідність двомовного виховання дітей як вимога сучасного суспільства.<br/>3.1. Соціалізація дітей-білінгів та їх адаптація у сучасному освітньому просторі.<br/>3.2. Причини суспільної необхідності у вихованні двомовних дітей.<br/>3.3. Результати соціального анкетування у рамках наукового дослідження дитячого білінгвізму.<br/>Висновки.<br/>Список використаної літератури та джерел. |
| 650 ## - Додаткове предметне введення – тематичний термін | |
| Тематичний термін чи географічна назва, як елемент введення (НП) | 81 Лінгвістика. Мовознавство. Мови |
| Джерело заголовка чи терміна | UDC |
| 942 ## - Додаткові елементи входу (Коха) | |
| Тип елемента Koha | Книги |
| Source of classification or shelving scheme | Universal Decimal Classification |
| 955 ## - Код типу видання за змістом | |
| Код типу видання за змістом (НП) | Наукові видання |
| Стан вилучень | Стан втрат | Джерело класифікації або схеми стелажів | Стан уражень | Не для кредиту | Постійне місце розташування | Поточне розміщення | Дата придбання | Джерело придбання | Вартість, звичайна ціна покупки | Повний номер виклику | Штрих-код | Дата останнього перегляду | Вартість, ціна заміни | Ціна ефективна від | Тип елемента Koha | Примітка, призначена для загального доступу |
|---|---|---|---|---|---|---|---|---|---|---|---|---|---|---|---|---|
| Universal Decimal Classification | ВІЛ - Відділ іноземн. літератури НБ | ВІЛ - Відділ іноземн. літератури НБ | 02/07/2018 | Акт №01/18 | 1.00 | 81 Т41 | 216199 | 10/11/2021 | 1.00 | 02/07/2018 | Книги | Дипломна робота (магістр) |